Living in a step-family without getting stepped on / (Record no. 339773)
[ view plain ]
| 000 -LEADER | |
|---|---|
| fixed length control field | 00567nam a2200229Ia 4500 |
| 008 - FIXED-LENGTH DATA ELEMENTS--GENERAL INFORMATION | |
| fixed length control field | 170711s9999 xx 000 0 und d |
| 020 ## - INTERNATIONAL STANDARD BOOK NUMBER | |
| International Standard Book Number | 840734921 |
| 050 ## - LIBRARY OF CONGRESS CALL NUMBER | |
| Classification number | 306.87 |
| 050 ## - LIBRARY OF CONGRESS CALL NUMBER | |
| Item number | L547 1994 |
| 100 ## - MAIN ENTRY--PERSONAL NAME | |
| Personal name | Leman, Kevin |
| 245 ## - TITLE STATEMENT | |
| Title | Living in a step-family without getting stepped on / |
| 245 ## - TITLE STATEMENT | |
| Statement of responsibility, etc | by Kevin Leman. |
| 260 ## - PUBLICATION, DISTRIBUTION, ETC. (IMPRINT) | |
| Place of publication, distribution, etc | Nashville, Tennessee |
| 260 ## - PUBLICATION, DISTRIBUTION, ETC. (IMPRINT) | |
| Name of publisher, distributor, etc | Nelson, |
| 260 ## - PUBLICATION, DISTRIBUTION, ETC. (IMPRINT) | |
| Date of publication, distribution, etc | 1994 |
| 300 ## - PHYSICAL DESCRIPTION | |
| Extent | 282 pages : |
| 300 ## - PHYSICAL DESCRIPTION | |
| Other physical details | illustrations ; |
| 300 ## - PHYSICAL DESCRIPTION | |
| Dimensions | 23cm. |
| 500 ## - GENERAL NOTE | |
| General note | Includes appendix. |
| 650 ## - SUBJECT ADDED ENTRY--TOPICAL TERM | |
| Topical term or geographic name as entry element | Stepfamilies. |
| 700 ## - ADDED ENTRY--PERSONAL NAME | |
| Personal name | Title. |
No items available.